| 000 | 00707nam a22002177a 4500 | ||
|---|---|---|---|
| 001 | 74361 | ||
| 003 | UA-OsUOA | ||
| 005 | 20220810150008.0 | ||
| 007 | ta | ||
| 008 | 20110405b un ||||| |||| 00| 0 ukr d | ||
| 040 |
_aUA-OsUOA _bukr _cUA-OsUOA _dUA-OsUOA |
||
| 041 | _aukr | ||
| 080 | _a82.09:008 | ||
| 090 |
_a82.09:008 _bМ74 |
||
| 245 |
_aМова і культура _bнаукове видання _pХудожня література в контексті культури _nВип. 6 _nКн. 1 |
||
| 260 |
_aК. _bВид. Дім Дмитра Бураго _c2003 |
||
| 300 | _a300 с. | ||
| 650 | 7 |
_a82 Література. Літературознавство _2UDC |
|
| 942 |
_cBK _2udc |
||
| 955 | _a1 | ||
| 999 |
_c360651 _d360651 |
||